Science Quiz

Random Science or Chemistry Quiz

Elements: Before A Quiz Stats

 Plays Quiz Updated Jan 6, 2016

Also try: Element per Letter
Challenge
Share
Tweet
Embed
Score 0/15 Timer 03:00
0 Plays Today
Letter before 'A' Name of Element % Correct
CCarbon, Calcium, Scandium, Cadmium, Caesium, Cesium & Californium
95.3%
BCobalt & Barium
87.2%
-Aluminium, Argon, Arsenic, Antimony Astatine, Actinium & Americium
85.5%
RPraseodymium, Radon, Francium, Radium & Uranium
83.5%
MMagnesium, Manganese, Germanium & Samarium
82.9%
GManganese, Gallium, Oganesson & Gadolinium
76%
TPotassium, Titanium, Tantalum, Astatine, Protactinium & Darmstadtium
72.3%
LPalladium, Lanthanum, Platinum & Lawrencium
70%
Letter before 'A' Name of Element % Correct
NVanadium
66.1%
VVanadium
66.1%
HLanthanum, Hafnium, Thallium & Hassium
62.2%
PPalladium
54.7%
ELead & Seaborgium
51%
DDarmstadtium
43.7%
SSamarium
40.1%

You're not logged in!

Compare scores with friends on all Sporcle quizzes.
Join for Free
OR
Log In

You Might Also Like...

Show Comments

Extras

Top Quizzes Today


Score Distribution

Your Account Isn't Verified!

In order to create a playlist on Sporcle, you need to verify the email address you used during registration. Go to your Sporcle Settings to finish the process.

Report this User

Report this user for behavior that violates our Community Guidelines.

Details: